Planificación y pronóstico en la economía de la empresa / (Record no. 178483)

MARC details
000 -LEADER
campo de control de longitud fija 00901nam a22002295i 4500
001 - NÚMERO DE CONTROL
campo de control 178483
003 - IDENTIFICADOR DE NÚMERO DE CONTROL
campo de control ES-MaACL
005 - FECHA Y HORA DE LA ÚLTIMA TRANSACCIÓN
campo de control 20250902030434.0
008 - DATOS DE LONGITUD FIJA--INFORMACIÓN GENERAL
campo de control de longitud fija 110602s1970 sp |||| | spa d
080 ## - NÚMERO DE LA CLASIFICACIÓN DECIMAL UNIVERSAL
Número de la Clasificación Decimal Universal 338.27
100 1# - ENTRADA PRINCIPAL--NOMBRE DE PERSONA
Nombre de persona García Echevarría, Santiago.
9 (RLIN) 54565
245 10 - MENCIÓN DEL TÍTULO
Título Planificación y pronóstico en la economía de la empresa /
Mención de responsabilidad, etc. Santiago García Echevarría ; prólogo de José María Fernández Pirla.
260 ## - PUBLICACIÓN, DISTRIBUCIÓN, ETC.
Lugar de publicación, distribución, etc. Madrid :
Nombre del editor, distribuidor, etc. ICE,
Fecha de publicación, distribución, etc. D. L. 1970.
300 ## - DESCRIPCIÓN FÍSICA
Extensión XII, 347 p. , [2] h. pleg. ;
Dimensiones 24 cm.
490 1# - MENCIÓN DE SERIE
Mención de serie Selecciones de economía de la empresa. Serie A : Tratados ;
Designación de volumen o secuencia 5
504 ## - NOTA DE BIBLIOGRAFÍA, ETC.
Nota de bibliografía, etc. Bibliografía: p. 305-337.
650 07 - PUNTO DE ACCESO ADICIONAL DE MATERIA--TÉRMINO DE MATERIA
Término de materia o nombre geográfico como elemento de entrada Previsión comercial
Fuente del encabezamiento o término embne
9 (RLIN) 146889
700 0# - ENTRADA AGREGADA--NOMBRE PERSONAL
Nombre de persona Fernández Pirla, José María.
9 (RLIN) 50001
830 00 - PUNTO DE ACCESO ADICIONAL DE SERIE-TÍTULO UNIFORME
Título uniforme Selecciones de economía de la empresa (ICE)
Designación de volumen o secuencia 5
9 (RLIN) 190989
852 ## - LOCALIZACIÓN
Ubicación ES-MaACL
Número de control de estantería E-15233
Encuadernación Olim P-1278
Holdings
Estatus retirado Estado de pérdida Estado de daño No para préstamo Biblioteca de origen Biblioteca actual Ubicación en estantería Fecha de adquisición Fuente de adquisición Total de préstamos Signatura topográfica completa Código de barras Visto por última vez Precio de reemplazo Tipo de ítem Koha
        Biblioteca del Ateneo de Madrid Biblioteca del Ateneo de Madrid Depósito 2 02/06/2011     E-15233 1187486 23/02/2023 23/02/2023 Libro impreso